| 000 | 00680pam a2200193 a 4500 | ||
|---|---|---|---|
| 020 | _a007707713X : | ||
| 082 | 0 | 0 |
_a624.15136 _bATI _cNUST-01, P-63 |
| 100 | 1 |
_aAtkinson, John, _942457 |
|
| 245 | 1 | 3 |
_aAn introduction to the mechanics of soils and foundations : _bthrough critical state soil mechanics / _cJohn Atkinson. |
| 260 |
_aLondon ; _aNew York : _bMcGraw-Hill Book Co., _cc1993. |
||
| 300 |
_axviii, 337 p. : _bill. ; _c25 cm. |
||
| 526 |
_a0 _b0 _c0 _d624_151360000000000_ATI |
||
| 526 |
_a0 _b0 _c0 _d624_151360000000000_ATI |
||
| 650 | 0 |
_aFoundations. _9892 |
|
| 650 | 0 |
_aMCE _9379 |
|
| 650 | 0 |
_aSlopes (Soil mechanics) _937705 |
|
| 650 | 0 | _aSoil mechanics. | |
| 942 |
_2ddc _cBK |
||
| 999 |
_c546344 _d546344 |
||